000 03007nam0a2200505 i 4500
001 RU\NLR\BIBL_A\010867002
005 20260408073323.0
021 _aRU
_b2015-66535
_93981
029 1 0 _aRU
_b56213.10-2014
_cГОСТ Р
029 1 0 _aRU
_b29002-10:2009
_cISO/TS
035 _a(NLR Aleph) 010867002
090 _a10449440
_c10449440
100 _a20151023d2015 k y0rusy50 ca
101 0 _arus
102 _aRU
105 _aa l 000|y
200 1 _aСистемы промышленной автоматизации и интеграция
_iОбмен данными характеристик
_hч. 10
_iФормат обмена данными характеристик
_dIndustrial automation systems and integration. Exchange of characteristic data. Part 10. Characteristic data exchange format
_zeng
_eГОСТ Р 56213.10-2014
_eISO/TS 29002-10:2009
_fподгот. Федер. бюджет. учреждением "Федер. центр каталогизации" (ФБУ "ФЦК")
205 _aИзд. офиц
210 _aМосква
_cСтандартинформ
_d2015
215 _aVII, 27 с.
_cил.
_d29
225 1 _aНациональный стандарт Российской Федерации
_fФедер. агентство по техн. регулированию и метрологии
239 _aВвед. 01.07.2015
320 _aБиблиогр.: с. 27 (11 назв.)
510 1 _aIndustrial automation systems and integration. Exchange of characteristic data. Part 10. Characteristic data exchange format
_zeng
510 1 _aIndustrial automation systems and integration
_zeng
510 1 _aExchange of characteristic data
_zeng
510 1 _aCharacteristic data exchange format
_zeng
517 1 _aГОСТ Р 56213.10-2014
517 1 _aISO/TS 29002-10:2009
606 _aUML, унифицированный язык моделирования
_jСтандарты
_92158180
_3RU\NLR\AUTH\661299050
606 _aКорпоративные информационные системы
_jСтандарты
_xОбмен информацией
_92296485
_3RU\NLR\AUTH\6601602070
606 _aПромышленная продукция
_jСтандарты
_xТехническая информация
_91501640
_3RU\NLR\AUTH\66952966
610 0 _aпромышленные автоматизированные системы
675 _a681.3.01.016:006.354
686 _a25.040
_v2003
_2oks
686 1 _aЗ973.3-018.1я861
686 1 _aЖ609я861
686 1 _aЗ973.233.02-018-07я861
712 0 2 _4900
_aФедеральный центр каталогизации
_cМосква
_9533362
_3RU\NLR\AUTH\880434498
712 0 1 _4725
_aРоссийская Федерация
_bФедеральное агентство по техническому регулированию и метрологии
_3RU\NLR\AUTH\8810064304
_9630205
942 _cBOOK
980 _aNBR